ननकी : (Record no. 115999)

MARC details
000 -LEADER
fixed length control field 01205nam a22002777a 4500
003 - CONTROL NUMBER IDENTIFIER
control field dpl
005 - DATE AND TIME OF LATEST TRANSACTION
control field 20180716140929.0
008 - FIXED-LENGTH DATA ELEMENTS--GENERAL INFORMATION
fixed length control field 180716b xxu||||| |||| 00| 0 eng d
010 ## - LIBRARY OF CONGRESS CONTROL NUMBER
LC control number B-077011
020 ## - INTERNATIONAL STANDARD BOOK NUMBER
Terms of availability 00.00
035 ## - SYSTEM CONTROL NUMBER
System control number B-077011, B-077015
037 ## - SOURCE OF ACQUISITION
Source of stock number/acquisition Cen Lib/Ret
040 ## - CATALOGING SOURCE
Original cataloging agency DPL
Language of cataloging HN
Transcribing agency 0
082 ## - DEWEY DECIMAL CLASSIFICATION NUMBER
Classification number
Item number बच्चन
100 ## - MAIN ENTRY--PERSONAL NAME
Personal name बच्चन सिंह
9 (RLIN) 64317
245 ## - TITLE STATEMENT
Title ननकी :
Statement of responsibility, etc बच्चन सिंह
Remainder of title ग्राम जीवन पर पड़ रहे शहरी प्रभाव पर आधारित सामाजिक उपन्यास /
246 ## - VARYING FORM OF TITLE
Title proper/short title Nanki : gram jeevan par pad rahe shehri prabhav par aadharit samajik upanyas /
Remainder of title by Bachchan Singh
260 ## - PUBLICATION, DISTRIBUTION, ETC. (IMPRINT)
Place of publication, distribution, etc वाराणसी
Name of publisher, distributor, etc अनुराग प्रकाशन
Date of publication, distribution, etc 2001
270 ## - ADDRESS
Address चौक
City वाराणसी
Postal code 221 001
300 ## - PHYSICAL DESCRIPTION
Extent 104पृ.
Dimensions 21सेमी (सजिल्द)
650 ## - SUBJECT ADDED ENTRY--TOPICAL TERM
Topical term or geographic name as entry element हिन्दी -- साहित्य
9 (RLIN) 64318
650 ## - SUBJECT ADDED ENTRY--TOPICAL TERM
Topical term or geographic name as entry element हिन्दी -- उपन्यास
9 (RLIN) 64319
650 ## - SUBJECT ADDED ENTRY--TOPICAL TERM
Topical term or geographic name as entry element Hindi -- Literature
9 (RLIN) 64320
650 ## - SUBJECT ADDED ENTRY--TOPICAL TERM
Topical term or geographic name as entry element Hindi -- Fiction
9 (RLIN) 27248
942 ## - ADDED ENTRY ELEMENTS (KOHA)
Source of classification or shelving scheme Dewey Decimal Classification
Koha item type Hindi Books
Classification part
Call number suffix बच्चन
Holdings
Withdrawn status Lost status Damaged status Not for loan Home library Current library Date acquired Source of acquisition Cost, normal purchase price Total Checkouts Full call number Barcode Date last seen Date checked out Copy number Cost, replacement price Price effective from Koha item type Source of classification or shelving scheme Collection code
        Central Library Central Library 22/08/2015 Cen Lib/Ret 0.00 1 उ बच्चन B-077011 28/07/2017 19/07/2017 1 0.00 22/08/2015 Hindi Books    
        Shahdara Branch Shahdara Branch 16/07/2018 BPPD/PUB 0.00 1 उ बच्चन B-077015 31/07/2019 23/07/2019   0.00 16/07/2018 Hindi Books Dewey Decimal Classification Fiction

© Delhi Public Library
Hit Counter
free hit counter